Vybrané otázky transformačného procesu Slovenskej republiky

Na minha lista:
Detalhes bibliográficos
Autor principal: Markuš, Jozef
Formato: Livro
Idioma:eslovaco
Publicado em: Bratislava Prognostický ústav SAV 1997
Edição:1. vyd.
Colecção:Štúdie č. 1
Assuntos:
Tags: Adicionar Tag
Sem tags, seja o primeiro a adicionar uma tag!

MARC

LEADER 00000nam a2200000 4500
001 c020059
005 20230228091320.1
041 0 |a slo 
044 |a SK 
245 1 0 |a Vybrané otázky transformačného procesu Slovenskej republiky  |c Jozef Markuš 
250 |a 1. vyd. 
264 1 |a Bratislava  |b Prognostický ústav SAV  |c 1997 
300 |a 26 s. 
490 1 |a Štúdie  |v č. 1 
830 0 |a Štúdie  |v č. 1 
610 2 0 |a transformácia 
610 2 0 |a Slovensko 
610 2 0 |a porovnanie medzinárodné 
610 2 0 |a privatizácia 
610 2 0 |a investície 
100 1 |a Markuš, Jozef